Class and everyday life (Record no. 1679917)

MARC details
000 -LEADER
fixed length control field 00713 a2200229 4500
005 - DATE AND TIME OF LATEST TRANSACTION
control field 20260415170805.0
008 - FIXED-LENGTH DATA ELEMENTS--GENERAL INFORMATION
fixed length control field 260415b |||||||| |||| 00| 0 eng d
020 ## - INTERNATIONAL STANDARD BOOK NUMBER
International Standard Book Number 9781138927384(pbk)
037 ## - SOURCE OF ACQUISITION
Terms of availability TB
040 ## - CATALOGING SOURCE
Original cataloging agency AL
Transcribing agency AL
041 ## - LANGUAGE CODE
Source of code eng
Language code of text/sound track or separate title eng
084 ## - COLON CLASSIFICATION NUMBER
Classification number Y49.3 R4
Assigning agency AL
100 ## - MAIN ENTRY--PERSONAL NAME
Personal name Paton, Kirsteen
9 (RLIN) 1234872
245 ## - TITLE STATEMENT
Title Class and everyday life
260 ## - PUBLICATION, DISTRIBUTION, ETC.
Place of publication, distribution, etc. London:
Name of publisher, distributor, etc. Routledge Taylor & Francis group,
Date of publication, distribution, etc. 2024.
300 ## - PHYSICAL DESCRIPTION
Extent 203p.
365 ## - TRADE PRICE
Price amount 34.99
Currency code GBP
650 ## - SUBJECT ADDED ENTRY--TOPICAL TERM
Topical term or geographic name entry element Social Classes-Great Britain
9 (RLIN) 1234873
650 ## - SUBJECT ADDED ENTRY--TOPICAL TERM
Topical term or geographic name entry element Working Class
942 ## - ADDED ENTRY ELEMENTS (KOHA)
Koha item type Textual
Source of classification or shelving scheme Colon Classification (CC)
Classification part Y49.3 R4
Holdings
Withdrawn status Lost status Source of classification or shelving scheme Damaged status Not for loan Home library Current library Date acquired Source of acquisition Cost, normal purchase price Inventory number Total Checkouts Full call number Barcode Date last seen Cost, replacement price Price effective from Koha item type
    Colon Classification (CC)     Arts Library Arts Library 2026-04-15 27 Elite Pub. Dist. 3656.68 15225 & 2026-02-18   Y49.3 R4 AL1805380 2026-02-18 4570.85 2026-02-18 Textbook
Copyright @ Delhi University Library System